Bilecik Bilecik Bilecik Bilecik Bilecik

Reform sonrası il genel meclisleri : (Record no. 41702)

MARC details
000 -BAŞLIK
Sabit Uzunluktaki Kontrol Alanı 00976nam a22002657a 4500
001 - KONTROL NUMARASI
Control Dosyası 0041861
003 - KONTROL NUMARASI KİMLİĞİ
Kontrol Alanı KOHA_MİRAKIL
005 - EN SON İŞLEM TARİHİ ve ZAMANI
Kontrol Alanı 20260207003251.0
007 - FİZİKSEL TANIM SABİT ALAN - GENEL BİLGİ
Sabit uzunluklu kontrol alanı ta
008 - SABİT UZUNLUKTAKİ VERİ ÖGELERİ - GENEL BİLGİ
Sabit Alan 130730b2011 tu |||gr||||#||||0|tur |
020 ## - ISBN - ULUSLARARASI STANDART KİTAP NUMARASI
Isbn 9786055679729
040 ## - KATALOGLAMA KAYNAĞI
Özgün Kataloglama Kurumu TR-BiSEU
Kataloglama Dili tur
Çeviri Kurumu TR-BiSEU
Açıklama Kuralları rda
041 0# - DİL KODU
Metin ya da ses kaydının dil kodu tur
044 ## - YAYINLAYAN/ÜRETEN KURULUŞUN ÜLKE KODU
ISO country code tu
050 ## - SINIFLAMA ve YER NUMARASI
Sınıflama Numarası JS6953.A2
Yer Numarası R44 2011
245 1# - ESER ADI BİLDİRİMİ
Başlık Reform sonrası il genel meclisleri :
Alt Eseradı vb. dönüşüm ve statüko/
Sorumluluk Bildirimi Yayına hazırlayan Ulaş Bayraktar ; yazarlar Argun Akdoğan, Mustafa Kemal Bayırbağ, S. Ulaş Bayraktar, Ali Ekber Doğan, Uğur Ömür Gönülşen, Mahmut Güler, İhsan Kamalak, Ruşen Keleş, Nuray E. Keskin, Hacı Kurt, Bediz Yılmaz.
264 #1 - ÜRERİM, YAYIN, DAĞITIM ve TELİF BİLDİRİMİ
Yayın yeri İstanbul :
Yayınlayan Kalkedon
Yayın tarihi 2011
300 ## - FİZİKSEL TANIMLAMA
Sayfa, Cilt vb. 154 sayfa ;
Boyutları 21 cm.
336 ## - İÇERİK TÜRÜ
Content type term metin
Content type code txt
Source rdacontent
337 ## - MEDYA TÜRÜ
Media type term aracısız
Media type code n
Source rdamedia
338 ## - TAŞIYICI TÜRÜ
Carrier type term cilt
Carrier type code nc
Source rdacarrier
500 ## - GENEL NOT
Genel Not Kaynakça var.
650 #0 - KONU BAŞLIĞI EK GİRİŞ - KONU TERİMİ
Konusal terim veya coğrafi ad Municipal government--Turkey.
9 (RLIN) 8277
942 ## - EK GİRİŞ ÖGELERİ (KOHA)
Source of classification or shelving scheme Library of Congress Classification
Koha item type Book
Holdings
Materyal Türü Kalıcı Konum Mevcut Konum Raf Yeri Sınıflandırma Kaynağı Edinim Bilgisi Ana Konular Alt Konular Yer Numarası Demirbaş Numarası Fatura Tarihi Maliyet, Alış Fiyatı Maliyet, Yenileme Fiyatı Geri Çekilme Durumu Kayıp Durumu Hasarlı Durumu Kredi için değil Kayıt Tarih Toplam Ödünçverme Son Görülme Tarihi Son Kontrol Tarihi Satın Alma Notu
Book Prof. Dr. Azmi Özcan Kütüphanesi Prof. Dr. Azmi Özcan Kütüphanesi Uluğbey Salonu Library of Congress Classification Satın SİYASET BİLİMİ Yerel Yönetim, Belediye Yönetimi JS6953.A2 R44 2011 0041861 24/09/2013 6.44 6.44         30/07/2013 1 05/12/2024 05/12/2024 73291-73383 (92 sayfa)